Set-off against rent (Record no. 66323)

MARC details
000 -LEADER
fixed length control field 01600cam a2200229 4500
001 - CONTROL NUMBER
control field WB3710-28
008 - FIXED-LENGTH DATA ELEMENTS--GENERAL INFORMATION
fixed length control field 000000n2001 000 0 eng u
035 ## - SYSTEM CONTROL NUMBER
System control number (Sirsi) u111302
245 ## - TITLE STATEMENT
Title Set-off against rent
260 ## - PUBLICATION, DISTRIBUTION, ETC.
Date of publication, distribution, etc. 2001
490 ## - SERIES STATEMENT
Series statement Estates Gazette
Volume/sequential designation [2001] EGCS 25 (1) (03/03/01)
520 ## - SUMMARY, ETC.
Summary, etc. "Fuller v Happy Shopper Markets Ltd and another" ChD 14 February 2001. A occupied a shop with residential accommodation, which he held on a 21 year lease granted by B. In January 1994 the shop was severely damaged by a storm. A continued to pay the full rent until September 1995, but then ceased his payments. Under the insurance provisions of the lease only 30-40% of the rent was payable while the shop was in disrepair. A made no demand for repayment. In February 1997 B levyed distress for arrears of rent, and the bailiffs sold the goods in the shop, allegedly undervaluing them. A claimed the distress was unlawful, as B was bound to return earlier rent payments mistakenly made. The court considered whether B should have been notified of A's claim beforehand, and whether A had an immediate right to repayment at the date of distress. Implications of article 8 of the European Convention of Human Rights were also considered. Court ruled in favour of A.
590 ## - LOCAL NOTE (RLIN)
Local note WB
650 ## - SUBJECT ADDED ENTRY--TOPICAL TERM
Topical term or geographic name entry element FULLER V HAPPY SHOPPER MARKETS
650 ## - SUBJECT ADDED ENTRY--TOPICAL TERM
Topical term or geographic name entry element EQUITABLE SET-OFF
650 ## - SUBJECT ADDED ENTRY--TOPICAL TERM
Topical term or geographic name entry element RENT
650 ## - SUBJECT ADDED ENTRY--TOPICAL TERM
Topical term or geographic name entry element DISTRESS
650 ## - SUBJECT ADDED ENTRY--TOPICAL TERM
Topical term or geographic name entry element DISREPAIR
650 ## - SUBJECT ADDED ENTRY--TOPICAL TERM
Topical term or geographic name entry element CONVENTION FOR THE PROTECTION OF HUMAN RIGHTS AND FUNDAMENTAL FREEDOMS ART 8
690 ## - LOCAL SUBJECT ADDED ENTRY--TOPICAL TERM (OCLC, RLIN)
Topical term or geographic name as entry element PROPERTY-LANDLORD AND TENANT
942 ## - ADDED ENTRY ELEMENTS (KOHA)
Suppress in OPAC 0
Holdings
Withdrawn status Lost status Source of classification or shelving scheme Damaged status Not for loan Home library Current library Shelving location Date acquired Total Checkouts Full call number Barcode Date last seen Copy number Price effective from Koha item type
    Dewey Decimal Classification     London London News article 07/03/2001   WB3710-28 111302-1001 06/08/2019 1 06/08/2019 Law report